Model Building in Mathematical Programming /

Kaydedildi:
Detaylı Bibliyografya
Yazar: Williams, H. Paul (autor)
Materyal Türü: Kitap
Dil:İngilizce
Baskı/Yayın Bilgisi: Hoboken, EUA : Wiley, 2013, c2013
Edisyon:5a edición
Konular:
Online Erişim:Ver documento en línea
Etiketler: Etiketle
Etiket eklenmemiş, İlk siz ekleyin!

MARC

LEADER 00000nam^a2200000^a^4500
001 000399912
005 20251023000000.0
009 20260310121604.068
020 |a 978-1-118-50618-9 
037 |a Acervo ITESO - Biblioteca 
041 |a ING 
082 |a 519. 7  |b WIL 
100 |a Williams, H. Paul  |e (autor) 
245 1 0 |a Model Building in Mathematical Programming /  |c H.P. Williams. 
250 |a 5a edición 
264 4 |a Hoboken, EUA :  |b Wiley,  |c 2013, c2013 
264 2 |a Birmingham, EUA :  |b EBSCOhost [distribución],  |c 2013 
300 |a 1 libro electrónico en línea (XX, 411 p.) 
300 |a 1 recurso en línea 
336 |a datos para computadora  |b cod  |2 rdacontenido 
337 |a computadora  |b c  |2 rdamedio 
338 |a recurso en línea  |b cr  |2 rdasoporte 
506 1 |a 1 licencia 
521 |a Peticiones 2018 
649 |a XX 
650 |a Programación Lineal 
650 |a Programación (Matemáticas) -  |x Tema Principal 
650 |a Modelos Matemáticos 
650 |a Matemáticas 
856 4 0 |u https://ezproxy.iteso.mx/login?url=https://search.ebscohost.com/login.aspx?direct=true&scope=site&db=nlebk&db=nlabk&AN=531409  |y Ver documento en línea 
910 |a Fondo General 
920 |a Electrónicos - Libros en Línea 
930 |a Plataforma Digital 
905 |a 205 
901 |a 399912-1  |b IT2  |c EBO  |i C1352  |u 20250521 
902 |a https://opac.biblio.iteso.mx/vufind/Record/000399912